| 000 | 005570000a22001810004500 | ||
|---|---|---|---|
| 003 | MACL | ||
| 005 | 20160519124100.0 | ||
| 008 | 160519b xxu||||| |||| 00| 0 eng d | ||
| 040 |
_aMACL _cMACL |
||
| 041 | _aHindi | ||
| 082 | _a891.433 | ||
| 100 |
_aराय, सत्यजित _957615 |
||
| 245 |
_aकुल बारह _cसत्यजित राय |
||
| 260 |
_bरेमाधव पब्लिकेशन्स _c2006 _aदिल्ली |
||
| 350 | _a300 | ||
| 650 |
_aStories _958148 |
||
| 942 |
_cHIN _k891.433/RAY/S _2ddc |
||
| 999 |
_c10934 _d10934 |
||